[Event "Guildford Spring op"]
[Site "Guildford"]
[Date "2024.04.13"]
[Round "3"]
[White "Payne, Matthew"]
[Black "Lohia, Sohum"]
[Result "0-1"]
[WhiteElo "2091"]
[BlackElo "2316"]
[PlyCount "58"]
[EventDate "2024.04.12"]
[EventType "swiss"]
[EventRounds "5"]
[EventCountry "ENG"]
[SourceTitle "CB18_2024"]
[SourceDate "2024.05.01"]
[SourceVersion "1"]
[SourceVersionDate "2024.05.01"]
[SourceQuality "2"]

1. e4 e5 2. Nf3 Nc6 3. Bc4 Nf6 4. d4 exd4 5. e5 d5 6. Bb5 Nd7 7. 0-0 Be7 8. Bxc6 bxc6 9. Nxd4 Nb8 10. Nc3 0-0 11. Qf3 Qd7 12. h3 Re8 13. Bf4 Na6 14. Rfe1 Rb8 15. Rab1 Bb7 16. Qg3 c5 17. e6 fxe6 18. Nxe6 Bd6 19. Bxd6 cxd6 20. Nf4 d4 21. Ncd5 Qf7 22. Qd3 g5 23. Qg3 h6 24. h4 Bxd5 25. hxg5 Be4 26. gxh6+ Kh8 27. Nh5 Rg8 28. Ng7 Qg6 29. Qh3 Bxg2 0-1

[Event "Reykjavik op"]
[Site "Reykjavik"]
[Date "2024.03.18"]
[Round "6"]
[White "Lohia, Sohum"]
[Black "Zhou, David"]
[Result "1/2-1/2"]
[WhiteElo "2354"]
[BlackElo "1954"]
[PlyCount "97"]
[EventDate "2024.03.15"]
[EventType "swiss"]
[EventRounds "9"]
[EventCountry "ISL"]
[SourceTitle "CB13_2024"]
[SourceDate "2024.03.27"]
[SourceVersion "1"]
[SourceVersionDate "2024.03.27"]
[SourceQuality "1"]

1. e4 c5 2. Nf3 e6 3. d4 cxd4 4. Nxd4 Nc6 5. Nc3 Qc7 6. f4 a6 7. Nxc6 bxc6 8. Bd3 d5 9. 0-0 Nf6 10. Qe2 Be7 11. e5 Nd7 12. Na4 Nb6 13. Nxb6 Qxb6+ 14. Kh1 g6 15. b3 a5 16. Be3 c5 17. a4 Ba6 18. Bb5+ Kf8 19. Bxa6 Qxa6 20. Qf3 h5 21. c4 d4 22. Bd2 Kg7 23. Qd3 Rab8 24. Rf3 Rb6 25. Kg1 Rhb8 26. Rb1 R6b7 27. Kf1 Kf8 28. Ke2 Ke8 29. Kd1 Kd7 30. Kc2 Kc7 31. g3 Rh8 32. h3 Rbb8 33. Rbf1 Kb6 34. R3f2 Qb7 35. Rf3 Bd8 36. Re1 Bc7 37. Rf2 Rh7 38. Rfe2 Rbh8 39. Rb1 Qc6 40. Rd1 Ka6 41. Rde1 Kb6 42. Rf1 Ka6 43. Ref2 Kb6 44. Rf3 Ka6 45. Qe2 Kb6 46. Rd3 Ka6 47. Rdf3 Kb6 48. R1f2 Ka6 49. Rf1 1/2-1/2

[Event "Reykjavik op"]
[Site "Reykjavik"]
[Date "2024.03.16"]
[Round "2"]
[White "Lohia, Sohum"]
[Black "Ivanchuk, Vassily"]
[Result "1/2-1/2"]
[WhiteElo "2354"]
[BlackElo "2625"]
[PlyCount "58"]
[EventDate "2024.03.15"]
[EventType "swiss"]
[EventRounds "9"]
[EventCountry "ISL"]
[SourceTitle "CB13_2024"]
[SourceDate "2024.03.27"]
[SourceVersion "1"]
[SourceVersionDate "2024.03.27"]
[SourceQuality "1"]

1. e4 c6 2. d4 d5 3. exd5 cxd5 4. Bd3 Nf6 5. c3 Nc6 6. Bf4 Bg4 7. Qb3 Qc8 8. Nd2 e6 9. Ngf3 Be7 10. 0-0 Bh5 11. Rfe1 0-0 12. h3 Bg6 13. Bxg6 hxg6 14. Qb5 Qd7 15. a4 Bd6 16. Bxd6 Qxd6 17. Ne5 Qc7 18. Qe2 Rac8 19. Nxc6 Qxc6 20. h4 Qa6 21. Qxa6 bxa6 22. a5 Rb8 23. b4 Rfc8 24. Rac1 Ne4 25. Nxe4 dxe4 26. Kf1 f5 27. Ke2 Kf7 28. f3 exf3+ 29. Kxf3 Rc6 1/2-1/2

[Event "Rome City op 5th"]
[Site "Rome"]
[Date "2023.12.09"]
[Round "8"]
[White "Jirasek, Pavel"]
[Black "Lohia, Sohum"]
[Result "0-1"]
[WhiteElo "2358"]
[BlackElo "2200"]
[PlyCount "120"]
[EventDate "2023.12.04"]
[EventType "swiss"]
[EventRounds "9"]
[EventCountry "ITA"]
[SourceTitle "CB50_2023"]
[SourceDate "2023.12.13"]
[SourceVersion "1"]
[SourceVersionDate "2023.12.13"]
[SourceQuality "1"]

1. c4 Nf6 2. g3 e6 3. Bg2 d5 4. Nf3 Be7 5. 0-0 0-0 6. b3 d4 7. e3 c5 8. Ne5 Qc7 9. f4 Nfd7 10. Nd3 Nc6 11. Na3 a6 12. Nc2 e5 13. Bb2 Bd6 14. Qh5 Nf6 15. Qd1 Bg4 16. Qe1 Rae8 17. e4 exf4 18. Nxf4 Ne5 19. d3 b5 20. Qd2 bxc4 21. bxc4 Qc6 22. Rab1 Rb8 23. Ba3 Qa4 24. h3 Bd7 25. g4 Rxb1 26. Rxb1 Nexg4 27. Rb3 Ne5 28. Nxd4 Rd8 29. Nde2 Bf8 30. Bb2 Re8 31. Bc3 Bd6 32. Rb6 Bc6 33. Nd5 Nfd7 34. Rb3 Rb8 35. Nc1 Bxd5 36. exd5 Nf6 37. Qb2 Qe8 38. Rxb8 Qxb8 39. Qxb8+ Bxb8 40. Kf2 Nfd7 41. Ke2 f5 42. Nb3 g5 43. Bd2 f4 44. Be4 Bd6 45. Bf5 h5 46. Bc1 f3+ 47. Kf1 g4 48. hxg4 hxg4 49. Bf4 Nf6 50. Nxc5 Nxc4 51. Bxd6 Nxd6 52. Be6+ Kg7 53. Kf2 Kg6 54. Nxa6 Kg5 55. Ke3 Nf5+ 56. Bxf5 Nxd5+ 57. Kf2 Kxf5 58. Nc5 Nc3 59. a4 Nd1+ 60. Kf1 g3 0-1

[Event "Rome City op 5th"]
[Site "Rome"]
[Date "2023.12.07"]
[Round "6"]
[White "Babar, Michael"]
[Black "Lohia, Sohum"]
[Result "0-1"]
[WhiteElo "2116"]
[BlackElo "2200"]
[PlyCount "72"]
[EventDate "2023.12.04"]
[EventType "swiss"]
[EventRounds "9"]
[EventCountry "ITA"]
[SourceTitle "CB50_2023"]
[SourceDate "2023.12.13"]
[SourceVersion "1"]
[SourceVersionDate "2023.12.13"]
[SourceQuality "1"]

1. e4 e5 2. Nf3 Nc6 3. Bc4 Nf6 4. d3 Bc5 5. c3 a5 6. 0-0 d6 7. h3 h6 8. Re1 0-0 9. Nbd2 Be6 10. Nf1 Bxc4 11. dxc4 Ne7 12. Ng3 Ng6 13. Nf5 Qd7 14. N3h4 Nxh4 15. Nxh4 Kh7 16. Qf3 Qe6 17. g4 Ng8 18. g5 g6 19. b3 f6 20. gxh6 f5 21. exf5 gxf5 22. Qd5 Qxd5 23. cxd5 Nf6 24. Nf3 Rg8+ 25. Ng5+ Kxh6 26. Kf1 f4 27. Ne4 Nxe4 28. Rxe4 Kg6 29. Bd2 Kf5 30. Rae1 Rh8 31. f3 Rxh3 32. Ke2 Rg8 33. Rf1 Rxf3 34. Rxe5+ dxe5 35. Rxf3 Rg2+ 36. Kd1 Ke4 0-1

[Event "Rome City op 5th"]
[Site "Rome"]
[Date "2023.12.05"]
[Round "3"]
[White "Lohia, Sohum"]
[Black "Gomez Ledo, Roberto Carlos"]
[Result "1/2-1/2"]
[WhiteElo "2200"]
[BlackElo "2448"]
[PlyCount "56"]
[EventDate "2023.12.04"]
[EventType "swiss"]
[EventRounds "9"]
[EventCountry "ITA"]
[SourceTitle "CB50_2023"]
[SourceDate "2023.12.13"]
[SourceVersion "1"]
[SourceVersionDate "2023.12.13"]
[SourceQuality "1"]

1. e4 e5 2. Nf3 Nf6 3. Nxe5 d6 4. Nf3 Nxe4 5. Nc3 Nxc3 6. dxc3 Be7 7. Bf4 Nc6 8. Qd2 Be6 9. 0-0-0 Qd7 10. h4 a6 11. Ng5 0-0-0 12. Nxe6 Qxe6 13. Kb1 Kb8 14. g3 Bf6 15. Bg2 Ne5 16. Rhe1 Rhe8 17. Bd5 Qd7 18. Bxe5 Rxe5 19. f4 Rxe1 20. Rxe1 Re8 21. Rxe8+ Qxe8 22. a3 c6 23. Bf3 d5 24. Qe2 Qd8 25. Qe3 Ka8 26. Bg4 d4 27. cxd4 Qxd4 28. Qb3 Ka7 1/2-1/2

[Event "Monsaraz Rapid op"]
[Site "Monsaraz"]
[Date "2023.11.25"]
[Round "2"]
[White "Albornoz Cabrera, Carlos Daniel"]
[Black "Lohia, Sohum"]
[Result "1-0"]
[WhiteElo "2585"]
[BlackElo "2154"]
[PlyCount "93"]
[EventDate "2023.11.25"]
[EventType "swiss (rapid)"]
[EventRounds "9"]
[EventCountry "POR"]
[SourceTitle "CB48_2023"]
[SourceDate "2023.11.29"]
[SourceVersion "1"]
[SourceVersionDate "2023.11.29"]
[SourceQuality "1"]

1. e4 e5 2. Nf3 Nc6 3. Bb5 a6 4. Ba4 Nf6 5. 0-0 b5 6. Bb3 Bc5 7. a4 Rb8 8. c3 d6 9. d4 Bb6 10. a5 Ba7 11. h3 0-0 12. Be3 Re8 13. dxe5 dxe5 14. Qxd8 Rxd8 15. Bxa7 Nxa7 16. Nxe5 Be6 17. Bxe6 fxe6 18. Re1 b4 19. cxb4 Rxb4 20. Nc3 Rxb2 21. Rab1 Rdb8 22. Rxb2 Rxb2 23. Rd1 Kf8 24. Rd8+ Ke7 25. Ra8 Nb5 26. Nxb5 Rb1+ 27. Kh2 Rxb5 28. Nc6+ Kd7 29. Rxa6 Nxe4 30. Nd4 Nc5 31. Ra8 Rb4 32. Nf3 Nd3 33. a6 Ra4 34. a7 e5 35. Ng5 Nc5 36. Nf7 Kc6 37. Nxe5+ Kb7 38. Rg8 Rxa7 39. Rxg7 Ra2 40. f4 Ne6 41. Rf7 h5 42. Ng6 Rf2 43. Kg3 Rd2 44. f5 Ng5 45. Re7 Kc6 46. h4 Rd3+ 47. Kf4 1-0

[Event "Monsaraz Rapid op"]
[Site "Monsaraz"]
[Date "2023.11.25"]
[Round "3"]
[White "Lohia, Sohum"]
[Black "Patil, Priyanshu"]
[Result "1-0"]
[WhiteElo "2154"]
[BlackElo "1838"]
[PlyCount "55"]
[EventDate "2023.11.25"]
[EventType "swiss (rapid)"]
[EventRounds "9"]
[EventCountry "POR"]
[SourceTitle "CB48_2023"]
[SourceDate "2023.11.29"]
[SourceVersion "1"]
[SourceVersionDate "2023.11.29"]
[SourceQuality "1"]

1. e4 c5 2. Nf3 Nc6 3. Bb5 g6 4. Bxc6 dxc6 5. d3 Bg7 6. 0-0 Nf6 7. h3 Nd7 8. Re1 e5 9. a4 a5 10. Nbd2 b6 11. Nc4 Qc7 12. b3 Ba6 13. Bb2 0-0-0 14. Qe2 f6 15. c3 Nf8 16. b4 axb4 17. a5 Bxc4 18. axb6 Qxb6 19. dxc4 b3 20. Reb1 Ne6 21. Bc1 Kc7 22. Ra3 Rb8 23. Qb2 Rhd8 24. Be3 Rd3 25. Rba1 f5 26. Ra6 Nd4 27. Rxb6 Rxb6 28. cxd4 1-0

[Event "Monsaraz Rapid op"]
[Site "Monsaraz"]
[Date "2023.11.25"]
[Round "7"]
[White "Lohia, Sohum"]
[Black "Spraggett, Kevin"]
[Result "0-1"]
[WhiteElo "2154"]
[BlackElo "2480"]
[PlyCount "72"]
[EventDate "2023.11.25"]
[EventType "swiss (rapid)"]
[EventRounds "9"]
[EventCountry "POR"]
[SourceTitle "CB48_2023"]
[SourceDate "2023.11.29"]
[SourceVersion "1"]
[SourceVersionDate "2023.11.29"]
[SourceQuality "1"]

1. e4 c5 2. Nf3 e6 3. d4 cxd4 4. Nxd4 Nf6 5. Nc3 d6 6. g4 h6 7. Rg1 Nc6 8. h4 Nxd4 9. Qxd4 Nd7 10. g5 hxg5 11. Bxg5 Qa5 12. 0-0-0 a6 13. Qd2 b5 14. Kb1 b4 15. Ne2 Bb7 16. f3 Qb6 17. Nd4 Nc5 18. Be2 Rc8 19. Rge1 d5 20. Nb3 Bd6 21. exd5 Bxd5 22. Bxa6 0-0 23. Bxc8 Rxc8 24. Rg1 Ra8 25. Bf6 Qa6 26. Rxg7+ Kf8 27. Qh6 Qxa2+ 28. Kc1 Nxb3+ 29. cxb3 Ke8 30. Rg8+ Kd7 31. Rxa8 Qxa8 32. Qh7 Bf4+ 33. Kb1 Kc6 34. Qxf7 Bxb3 35. Qd7+ Kb6 36. Bd4+ Ka5 0-1

[Event "Monsaraz Rapid op"]
[Site "Monsaraz"]
[Date "2023.11.25"]
[Round "4"]
[White "Silva, Tiago Alexandre Pin"]
[Black "Lohia, Sohum"]
[Result "0-1"]
[WhiteElo "1875"]
[BlackElo "2154"]
[PlyCount "124"]
[EventDate "2023.11.25"]
[EventType "swiss (rapid)"]
[EventRounds "9"]
[EventCountry "POR"]
[SourceTitle "CB48_2023"]
[SourceDate "2023.11.29"]
[SourceVersion "1"]
[SourceVersionDate "2023.11.29"]
[SourceQuality "1"]

1. e4 e5 2. Nf3 d6 3. Nc3 Nf6 4. d4 exd4 5. Nxd4 g6 6. Bc4 Bg7 7. f3 0-0 8. 0-0 Nc6 9. Be3 Re8 10. Qd2 Nxd4 11. Bxd4 a6 12. Nd5 Nxd5 13. Bxd5 Bxd4+ 14. Qxd4 Rb8 15. Qa7 Be6 16. Bxb7 Re7 17. Qxa6 c5 18. Bd5 Bxd5 19. exd5 Rxb2 20. Qd3 Qb6 21. Kh1 c4 22. Qxc4 Rc7 23. Qe4 Rcxc2 24. Rg1 Rxa2 25. Rae1 Qb2 26. Qg4 Kg7 27. h4 h5 28. Qg3 Qf6 29. Re4 Rd2 30. Qf4 Qxf4 31. Rxf4 Rxd5 32. Kh2 Rdd2 33. Kh3 f5 34. Rb4 Kf6 35. Rb6 Rac2 36. Ra6 Ke6 37. Re1+ Re2 38. Rd1 Rcd2 39. Rxd2 Rxd2 40. Ra8 d5 41. Re8+ Kf7 42. Rd8 Ke7 43. Rg8 Kf6 44. g4 fxg4+ 45. fxg4 Rd3+ 46. Kg2 hxg4 47. Rf8+ Ke5 48. Rh8 d4 49. Re8+ Kf6 50. Re4 Kf5 51. Re8 Rf3 52. Rd8 d3 53. Rd7 Ke4 54. Rd8 Ke3 55. Re8+ Kd4 56. Rd8+ Kc3 57. Rc8+ Kb3 58. Rb8+ Kc2 59. Rc8+ Kd1 60. Rc5 d2 61. Ra5 Ke2 62. Ra2 Ke1 0-1

[Event "Monsaraz op"]
[Site "Monsaraz"]
[Date "2023.11.22"]
[Round "2"]
[White "Mitusov, Semen"]
[Black "Lohia, Sohum"]
[Result "1-0"]
[WhiteElo "2484"]
[BlackElo "2154"]
[PlyCount "129"]
[EventDate "2023.11.21"]
[EventType "swiss"]
[EventRounds "9"]
[EventCountry "POR"]
[SourceTitle "CB49_2023"]
[SourceDate "2023.12.06"]
[SourceVersion "1"]
[SourceVersionDate "2023.12.06"]
[SourceQuality "1"]

1. e4 e5 2. Nf3 Nc6 3. Nc3 Nf6 4. Bb5 Bb4 5. 0-0 0-0 6. d3 d6 7. Ne2 Ne7 8. c3 Ba5 9. Ng3 c6 10. Ba4 Ng6 11. d4 Bc7 12. Bc2 Re8 13. Re1 h6 14. h3 d5 15. exd5 Qxd5 16. Be3 e4 17. Nd2 Bxg3 18. fxg3 Qd6 19. Kh2 h5 20. Bf2 Bf5 21. Nc4 Qc7 22. Qc1 b5 23. Ne3 Be6 24. Kg1 a5 25. Nf1 Bd5 26. Qg5 Rad8 27. a4 Rb8 28. Qc1 bxa4 29. Bxa4 Bb3 30. Bxb3 Rxb3 31. Nd2 Rbb8 32. Nc4 Rb5 33. Qc2 Reb8 34. Ra2 Re8 35. Re3 Qd8 36. Nd2 Qb8 37. c4 Rb4 38. b3 Qd8 39. Nxe4 Nxe4 40. Rxe4 Rxe4 41. Qxe4 Rxb3 42. Qxc6 Rb1+ 43. Kh2 Qg5 44. Qa8+ Nf8 45. Re2 Rf1 46. Re8 Rxf2 47. Rxf8+ Kh7 48. Rh8+ Kg6 49. Qe4+ Qf5 50. Qxf5+ Kxf5 51. Rxh5+ Ke4 52. Rxa5 Kxd4 53. Rg5 Kxc4 54. Rxg7 Kd5 55. Rg8 Ke6 56. Rg4 Ra2 57. Rf4 Ra1 58. g4 Ra3 59. Rf3 Ra1 60. Kg3 Ra2 61. g5 Rb2 62. h4 Rb1 63. Kg4 Rg1 64. Re3+ Kd7 65. g3 1-0

[Event "Budapest Vezerkepzo Autumn IM"]
[Site "Budapest"]
[Date "2023.10.20"]
[Round "2"]
[White "Toth, Lili1"]
[Black "Lohia, Sohum"]
[Result "0-1"]
[WhiteElo "1950"]
[BlackElo "2177"]
[PlyCount "104"]
[EventDate "2023.10.19"]
[EventType "tourn"]
[EventRounds "9"]
[EventCountry "HUN"]
[SourceTitle "Mega2024 Update 01"]
[Source "Chessbase"]
[SourceDate "2023.11.12"]
[SourceVersion "1"]
[SourceVersionDate "2023.11.12"]
[SourceQuality "1"]

1. d4 Nf6 2. c4 e6 3. Nc3 Bb4 4. e3 0-0 5. Bd3 d5 6. a3 Bxc3+ 7. bxc3 dxc4 8. Bxc4 c5 9. Nf3 Qc7 10. Be2 Nc6 11. Bb2 Rd8 12. Qc2 Na5 13. c4 cxd4 14. Bxd4 Qe7 15. Ne5 Bd7 16. 0-0 Nc6 17. Nxd7 Rxd7 18. Bc3 Rc8 19. Bf3 h6 20. Qb2 Rdc7 21. Rac1 Rd8 22. Rfd1 Rcd7 23. g3 Rxd1+ 24. Rxd1 Rc8 25. a4 Kh7 26. a5 Kg8 27. Rb1 Rc7 28. Qb5 Nd7 29. a6 bxa6 30. Qxa6 Nce5 31. Be2 Kh7 32. Bxe5 Nc5 33. Bxc7 Nxa6 34. Be5 Nc5 35. Bd1 a5 36. Bc2+ f5 37. Rb5 Nd7 38. Rb7 Qc5 39. Bd4 Qc6 40. Ra7 Kg6 41. g4 Kg5 42. Rxa5 Qxc4 43. Ba4 Nf6 44. gxf5 exf5 45. Ra7 Ne4 46. Rxg7+ Kh4 47. Rg6 Qxa4 48. Rxh6+ Kg5 49. Rh3 Qd1+ 50. Kg2 Qg4+ 51. Rg3 Nxg3 52. hxg3 Qe2 0-1

[Event "Fagernes Autumn op"]
[Site "Fagernes"]
[Date "2023.10.15"]
[Round "9"]
[White "Lohia, Sohum"]
[Black "Hort, Max"]
[Result "1-0"]
[WhiteElo "2177"]
[BlackElo "1952"]
[PlyCount "63"]
[EventDate "2023.10.08"]
[EventType "swiss"]
[EventRounds "9"]
[EventCountry "NOR"]
[SourceTitle "Mega2024 Update 01"]
[Source "Chessbase"]
[SourceDate "2023.11.12"]
[SourceVersion "1"]
[SourceVersionDate "2023.11.12"]
[SourceQuality "1"]

1. e4 e6 2. d4 d5 3. Nd2 Nc6 4. Ngf3 Nf6 5. e5 Nd7 6. Bd3 Nb4 7. Be2 c5 8. c3 Nc6 9. 0-0 f6 10. exf6 Qxf6 11. dxc5 Bxc5 12. c4 0-0 13. cxd5 exd5 14. Nb3 Qd6 15. Nxc5 Nxc5 16. Be3 Bg4 17. h3 Bh5 18. Rc1 Ne6 19. Qb3 Bxf3 20. Bxf3 Rxf3 21. gxf3 Rf8 22. Rfd1 d4 23. Qxb7 Nc5 24. Qb5 Qg6+ 25. Kf1 Qh5 26. Qxc6 Qxh3+ 27. Ke2 dxe3 28. Rxc5 exf2 29. Qd5+ Kh8 30. Qe4 h6 31. Re5 Qc8 32. Kxf2 1-0

[Event "Maia op 7th"]
[Site "Maia"]
[Date "2023.08.27"]
[Round "3"]
[White "Lohia, Sohum"]
[Black "Fantinel, Thibault"]
[Result "0-1"]
[WhiteElo "2271"]
[BlackElo "2421"]
[PlyCount "70"]
[EventDate "2023.08.25"]
[EventType "swiss"]
[EventRounds "9"]
[EventCountry "POR"]
[SourceTitle "EXT 2024"]
[Source "ChessBase"]
[SourceDate "2023.10.10"]
[SourceVersion "1"]
[SourceVersionDate "2023.10.10"]
[SourceQuality "1"]

1. e4 c5 2. Nf3 Nc6 3. d4 cxd4 4. Nxd4 e5 5. Nb5 d6 6. N1c3 a6 7. Na3 Be6 8. Nc4 b5 9. Ne3 Nf6 10. g3 g6 11. Bg2 Bh6 12. 0-0 0-0 13. a4 b4 14. Ncd5 Bxd5 15. exd5 Ne7 16. Bd2 a5 17. c3 bxc3 18. Bxc3 Bxe3 19. fxe3 Nd7 20. b4 Qb6 21. Qd2 axb4 22. Bxb4 Rfb8 23. Rfb1 Nf5 24. a5 Qa7 25. Kf2 Nf6 26. h3 h5 27. Qd3 e4 28. Qe2 Nxd5 29. Bd2 Qe7 30. Rxb8+ Rxb8 31. g4 hxg4 32. hxg4 Nfxe3 33. Rh1 Qf6+ 34. Kg1 Rb1+ 35. Be1 Nxg2 0-1

[Event "Leca da Palmeira 2nd"]
[Site "Leca da Palmeira"]
[Date "2023.08.02"]
[Round "4"]
[White "Lohia, Sohum"]
[Black "Andrade, Ricardo Sarmento"]
[Result "0-1"]
[WhiteElo "2247"]
[BlackElo "1772"]
[PlyCount "78"]
[EventDate "2023.07.31"]
[EventType "swiss"]
[EventRounds "9"]
[EventCountry "POR"]
[SourceTitle "CBM 215 Extra"]
[Source "ChessBase"]
[SourceDate "2023.09.30"]
[SourceVersion "1"]
[SourceVersionDate "2023.09.30"]
[SourceQuality "1"]

1. e4 c5 2. Nf3 Nc6 3. d4 cxd4 4. Nxd4 e5 5. Nb5 d6 6. N1c3 a6 7. Na3 b5 8. Nd5 Nge7 9. c4 Nd4 10. cxb5 Nxd5 11. exd5 Be7 12. Bd3 0-0 13. 0-0 f5 14. bxa6 Bxa6 15. Bxa6 Rxa6 16. Be3 Bf6 17. Bxd4 exd4 18. Qd3 Qa8 19. Rac1 Ra5 20. Rc6 Kh8 21. Qc4 d3 22. Qxd3 Bxb2 23. Nc4 Rxa2 24. Nxd6 Ra1 25. g3 Rxf1+ 26. Kxf1 f4 27. gxf4 g6 28. Qc4 Qa3 29. Kg2 g5 30. fxg5 Qf3+ 31. Kg1 Qxf2+ 32. Kh1 Qf3+ 33. Kg1 Qf2+ 34. Kh1 Qe1+ 35. Kg2 Rf2+ 36. Kh3 Qe3+ 37. Kh4 Rxh2+ 38. Kg4 Rg2+ 39. Kf5 Qe5# 0-1

[Event "Biel HTO 56th"]
[Site "Biel"]
[Date "2023.07.27"]
[Round "10"]
[White "Lohia, Sohum"]
[Black "Wessman, Richard"]
[Result "1-0"]
[WhiteElo "2247"]
[BlackElo "2410"]
[PlyCount "123"]
[EventDate "2023.07.17"]
[EventType "swiss"]
[EventRounds "10"]
[EventCountry "SUI"]
[SourceTitle "CBM 215 Extra"]
[Source "ChessBase"]
[SourceDate "2023.09.30"]
[SourceVersion "1"]
[SourceVersionDate "2023.09.30"]
[SourceQuality "1"]

1. e4 d5 2. exd5 Qxd5 3. Nc3 Qd8 4. d4 Nf6 5. Bc4 Bg4 6. Nge2 Bxe2 7. Qxe2 c6 8. Bg5 e6 9. d5 cxd5 10. Nxd5 Be7 11. Nxe7 Qxe7 12. Bb5+ Nc6 13. Bxc6+ bxc6 14. 0-0-0 Qc5 15. Bxf6 gxf6 16. Qd2 Rg8 17. g3 Qb6 18. Qd7+ Kf8 19. Qd4 e5 20. Qxb6 axb6 21. a3 Ke7 22. Rd3 Rgd8 23. Rhd1 Rxd3 24. Rxd3 Ke6 25. Kd2 f5 26. Rc3 Kd5 27. Rd3+ Ke6 28. Rb3 b5 29. Rb4 Rd8+ 30. Ke2 f6 31. a4 bxa4 32. Rxa4 Rd7 33. Ra6 Kd6 34. b3 Rg7 35. Ra8 Rb7 36. h4 Rg7 37. Ke3 Ke6 38. Rh8 Ra7 39. h5 Ra2 40. Kd2 Ra1 41. Rxh7 Rf1 42. Ke2 Rc1 43. h6 f4 44. gxf4 Rxc2+ 45. Kf3 e4+ 46. Kxe4 Rxf2 47. f5+ Kd6 48. Rf7 Re2+ 49. Kd3 Rh2 50. Rxf6+ Kd5 51. b4 Rh3+ 52. Kc2 Rh2+ 53. Kc3 Rh3+ 54. Kc2 Rh2+ 55. Kb3 Rh3+ 56. Ka4 Rh4 57. Ka5 Rh1 58. Rg6 Ra1+ 59. Kb6 Rb1 60. Rg4 Rh1 61. Rf4 Rxh6 62. f6 1-0

[Event "Bodensee op"]
[Site "Bregenz"]
[Date "2023.05.20"]
[Round "8"]
[White "Schaefer, Michael"]
[Black "Lohia, Sohum"]
[Result "0-1"]
[WhiteElo "2052"]
[BlackElo "2178"]
[PlyCount "138"]
[EventDate "2023.05.13"]
[EventType "swiss"]
[EventRounds "9"]
[EventCountry "AUT"]
[SourceTitle "CBM 215 Extra"]
[Source "ChessBase"]
[SourceDate "2023.09.30"]
[SourceVersion "1"]
[SourceVersionDate "2023.09.30"]
[SourceQuality "1"]

1. d4 Nf6 2. Nf3 e6 3. e3 d5 4. Bd3 b6 5. Nbd2 Bb7 6. 0-0 Bd6 7. b3 0-0 8. Bb2 Nbd7 9. Ne5 Ne4 10. f4 Ndf6 11. Ndf3 Qe7 12. g4 Ne8 13. g5 f6 14. gxf6 gxf6 15. Ng4 Kh8 16. Bxe4 dxe4 17. Nd2 Rg8 18. Kh1 Qg7 19. Rg1 Bxf4 20. d5 Bg5 21. dxe6 Qe7 22. Qe2 Nd6 23. Raf1 Raf8 24. Qf2 Rg6 25. h4 Bh6 26. h5 Rxg4 27. Rxg4 Ne8 28. Qg3 Qxe6 29. Rg1 Bc8 30. Rh4 Nd6 31. Rh2 Nf5 32. Qxc7 Bxe3 33. Rf1 Bc5 34. Rg2 Bd6 35. Qc4 Ng3+ 36. Kg1 Qxc4 37. Nxc4 Bc5+ 38. Rff2 Nxh5 39. Kf1 Bh3 40. Ke1 e3 41. Re2 Bxg2 42. Rxg2 Nf4 43. Rg3 Nd5 44. a3 Rg8 45. Rxg8+ Kxg8 46. b4 Bf8 47. Ke2 h5 48. Nxe3 Nxe3 49. Kxe3 Kf7 50. c4 Ke6 51. Bd4 Bd6 52. Kf3 f5 53. Bf2 Kd7 54. Kg2 Ke6 55. Kf3 Be5 56. a4 Bd6 57. Be1 h4 58. Kg2 Ke5 59. a5 bxa5 60. bxa5 a6 61. Bf2 Bc7 62. Bxh4 Bxa5 63. Kf3 Bb6 64. Be1 Ke6 65. Bc3 a5 66. Bb2 Bc5 67. Bg7 a4 68. Bh8 a3 69. Bg7 Bd6 0-1

[Event "Titled Tuesday intern op 02nd May Late"]
[Site "Chess.com INT"]
[Date "2023.05.02"]
[Round "4"]
[White "D'Arruda, Ricardo D"]
[Black "Lohia, Sohum"]
[Result "1-0"]
[WhiteElo "2271"]
[BlackElo "2178"]
[PlyCount "75"]
[EventDate "2023.05.02"]
[EventType "swiss (blitz)"]
[EventRounds "11"]
[EventCountry "USA"]
[SourceTitle "EXT 2024"]
[Source "ChessBase"]
[SourceDate "2023.10.10"]
[SourceVersion "1"]
[SourceVersionDate "2023.10.10"]
[SourceQuality "1"]

1. Nf3 Nf6 2. d4 e6 3. Nc3 d5 4. Bg5 Be7 5. Bxf6 Bxf6 6. e4 dxe4 7. Nxe4 Be7 8. Bd3 b6 9. Qe2 Bb7 10. 0-0-0 Nd7 11. Rhe1 0-0 12. Ne5 a5 13. f4 a4 14. a3 b5 15. c3 b4 16. cxb4 Nb6 17. Nc3 g6 18. Be4 Nd5 19. Nxd5 Bxd5 20. Qf3 Bxe4 21. Qxe4 Qd6 22. Kb1 Bf6 23. Rc1 Rad8 24. Rc4 c5 25. dxc5 Qd2 26. Rc2 Qd5 27. Qxd5 Rxd5 28. c6 Rc8 29. Rec1 Bxe5 30. fxe5 Rxe5 31. Rc5 Re3 32. R1c3 Re1+ 33. Ka2 Kf8 34. b5 Ke7 35. c7 Kd7 36. b6 f5 37. Rd3+ Ke7 38. b7 1-0

[Event "Titled Tuesday intern op 02nd May Late"]
[Site "Chess.com INT"]
[Date "2023.05.02"]
[Round "2"]
[White "Lohia, Sohum"]
[Black "Marcziter, Dmitrii"]
[Result "1-0"]
[WhiteElo "2178"]
[BlackElo "2234"]
[PlyCount "115"]
[EventDate "2023.05.02"]
[EventType "swiss (blitz)"]
[EventRounds "11"]
[EventCountry "USA"]
[SourceTitle "EXT 2024"]
[Source "ChessBase"]
[SourceDate "2023.10.10"]
[SourceVersion "1"]
[SourceVersionDate "2023.10.10"]
[SourceQuality "1"]

1. e4 c5 2. Nf3 a6 3. g3 d5 4. exd5 Qxd5 5. Bg2 Bg4 6. h3 Qe6+ 7. Kf1 Bf5 8. d3 Nc6 9. Nc3 Nf6 10. Nh4 Bg6 11. Nxg6 hxg6 12. Be3 Qd6 13. Qf3 e6 14. Ne4 Nxe4 15. Qxe4 Be7 16. Kg1 0-0-0 17. Kh2 g5 18. b4 cxb4 19. Rab1 f5 20. Qc4 g4 21. a3 Kb8 22. axb4 Ne5 23. Qc5 Nf3+ 24. Bxf3 Rxh3+ 25. Kg1 Rxg3+ 26. fxg3 Qxg3+ 27. Bg2 Bxc5 28. Bxc5 f4 29. Bf2 Qxg2+ 30. Kxg2 g5 31. b5 a5 32. Rh5 Rg8 33. Rbh1 g3 34. Bxg3 fxg3 35. Rh8 Rxh8 36. Rxh8+ Kc7 37. Kxg3 Kb6 38. Kg4 Kxb5 39. Kxg5 Kb4 40. Kf6 b5 41. Kxe6 a4 42. d4 a3 43. d5 a2 44. Ra8 Kc3 45. d6 Kb2 46. d7 a1Q 47. Rxa1 Kxa1 48. d8Q Kb2 49. Qb6 Kxc2 50. Qxb5 Kc3 51. Kd5 Kd2 52. Qb3 Ke2 53. Qc3 Kf2 54. Qd3 Kg2 55. Ke4 Kh2 56. Kf3 Kg1 57. Qe2 Kh1 58. Qg2# 1-0

[Event "Reykjavik op"]
[Site "Reykjavik"]
[Date "2023.04.02"]
[Round "7"]
[White "Lohia, Sohum"]
[Black "Griffith, Kyron"]
[Result "1/2-1/2"]
[WhiteElo "2081"]
[BlackElo "2342"]
[PlyCount "76"]
[EventDate "2023.03.29"]
[EventType "swiss"]
[EventRounds "9"]
[EventCountry "ISL"]
[SourceTitle "EXT 2024"]
[Source "ChessBase"]
[SourceDate "2023.10.10"]
[SourceVersion "1"]
[SourceVersionDate "2023.10.10"]
[SourceQuality "1"]

1. e4 c5 2. Nf3 d6 3. d4 cxd4 4. Nxd4 Nf6 5. Nc3 a6 6. h3 Nc6 7. g4 g6 8. Be3 Nxd4 9. Bxd4 Bh6 10. Nd5 0-0 11. Nxf6+ exf6 12. Bg2 Re8 13. 0-0 Bf4 14. c3 Bd7 15. Qf3 Be5 16. Qe3 g5 17. f4 gxf4 18. Rxf4 Bxf4 19. Qxf4 Re5 20. Rf1 Qe7 21. Qh6 Qf8 22. Qxf6 Rae8 23. Bxe5 Rxe5 24. Rd1 Re6 25. Qg5+ Rg6 26. Qh4 Rh6 27. Qg5+ Rg6 28. Qa5 Bc6 29. e5 Bxg2 30. Kxg2 Qe7 31. Rd5 Rg5 32. Qb4 Rxe5 33. Rxe5 Qxe5 34. Qxb7 Qe2+ 35. Kg3 Qe1+ 36. Kg2 Qe2+ 37. Kg1 Qe3+ 38. Kh2 Qe5+ 1/2-1/2